Catalog

Record Details

Catalog Search



Available copies

  • 1 of 1 copy available at LARL/NWRL Consortium.
  • 1 of 1 copy available at Northwest Regional Library. (Show preferred library)

Current holds

0 current holds with 1 total copy.

Show Only Available Copies
Location Call Number / Copy Notes Barcode Shelving Location Status Due Date
Godel Memorial-Warren Library BOOK-ON-CD MOO (Text) 35500005609423 Main Available -

Record details

  • ISBN: 9781491549490
  • ISBN: 1491549491
  • Physical Description: 8 audio discs (9 hr., 46 min.) : CD audio, digital ... Read More
  • Edition: Unabridged.
  • Publisher: Newark, NJ : Audible, Inc., [2014]
  • Distributor: Grand Haven, MI : Brilliance Audio, Inc., [2014]

Content descriptions

General Note:
Title from container.
Compact disc.
Participant or Performer Note:
Read by Graham Hamilton.
Summary, etc.:
David Slaney, 25, jailed on charges of drug ... Read More
Subject: Escaped prisoners > Fiction.
Drug dealers > Fiction.
Drug dealers
Escaped prisoners.
Genre: Audiobooks.
Audiobooks.
Fiction.
LDR 02393cim a2200541Ii 4500
001191242
003LARL_NWRL_CONSORTIUM
00520150923104326.0
007sd fungnnmmneu
008150113s2014 njunnnn f n eng d
019 . ‡a904261123
020 . ‡a9781491549490
020 . ‡a1491549491
0243 . ‡z9781491549490
035 . ‡a(OCoLC)900095354 ‡z(OCoLC)904261123
049 . ‡aNRGP
08204. ‡a813.54 ‡223
1001 . ‡aMoore, Lisa, ‡d1964- ‡eauthor. ‡0(LARL_NWRL_CONSORTIUM)187398
24510. ‡aCaught ‡h[CD/sound recording] / ‡cLisa Moore.
250 . ‡aUnabridged.
264 1. ‡aNewark, NJ : ‡bAudible, Inc., ‡c[2014]
264 2. ‡aGrand Haven, MI : ‡bBrilliance Audio, Inc., ‡c[2014]
300 . ‡a8 audio discs (9 hr., 46 min.) : ‡bCD audio, digital ; ‡c4 3/4 in.
306 . ‡a094600
336 . ‡aspoken word ‡bspw ‡2rdacontent
337 . ‡aaudio ‡bs ‡2rdamedia
338 . ‡aaudio disc ‡bsd ‡2rdacarrier
344 . ‡adigital ‡2rda
347 . ‡aaudio file ‡bCD audio ‡2rda
4900 . ‡aAudible Studios on BrillianceAudio
500 . ‡aTitle from container.
5110 . ‡aRead by Graham Hamilton.
500 . ‡aCompact disc.
520 . ‡aDavid Slaney, 25, jailed on charges of drug possession, has escaped and hit the highway. Evading the cops isn't his only plan; Slaney intends to find his old partner, Hearn, and get back in the drug business. Along the way, Slaney visits an old flame and adopts numerous guises to outpace authorities. When he finally finds Hearn just steps ahead of a detective hell-bent on arrest, their scheme sends Slaney to Mexico, Colombia, and back on a quest fueled by luck, charm, and unbending conviction.
650 0. ‡aEscaped prisoners ‡vFiction.
650 0. ‡aDrug dealers ‡vFiction. ‡0(LARL_NWRL_CONSORTIUM)164683
650 7. ‡2fast ‡aDrug dealers ‡0(LARL_NWRL_CONSORTIUM)26510
650 7. ‡aEscaped prisoners. ‡2fast
655 7. ‡aAudiobooks. ‡2fast ‡0(LARL_NWRL_CONSORTIUM)175801
655 7. ‡aAudiobooks. ‡2lcgft ‡0(LARL_NWRL_CONSORTIUM)175801
655 7. ‡aFiction. ‡2fast
7001 . ‡aHamilton, Graham, ‡enarrator.
901 . ‡a191242 ‡bOCLC ‡c191242 ‡tbiblio

Additional Resources